[Event "Online Olym Div3 A 2020"]
[Site "chess.com INT"]
[Date "2020.07.08"]
[Round "4.3"]
[Board "5"]
[White "Osaka, Takuma"]
[Black "Navaratnam, Rohan Shan Tze"]
[Result "0-1"]
[WhiteTitle "CM"]
[BlackTitle "FM"]
[WhiteElo "2048"]
[BlackElo "2071"]
[WhiteTeam "Japan"]
[BlackTeam "Malaysia"]
[WhiteFideId "7002084"]
[BlackFideId "5727413"]
[EventDate "2020.07.07"]
[EventType "team"]

1. d4 d5 2. c4 e6 3. Nc3 c5 4. cxd5 exd5 5. Nf3 Nc6 6. g3 Nf6 7. Bg2 Be7 8. O-O
O-O 9. b3 Ne4 10. Bb2 Bf6 11. Nxe4 dxe4 12. Nd2 Bxd4 13. Bxd4 cxd4 14. Nxe4 Bg4
15. Qd2 Re8 16. Rfe1 Re5 17. Rac1 Qe7 18. Qf4 Bh5 19. g4 Bg6 20. Ng3 d3 21. e4
Rd8 22. Qd2 f6 23. Re3 Qb4 24. Rd1 Qxd2 25. Rxd2 Nb4 26. a3 Nc2 27. Rexd3 Rxd3
28. Rxd3 Nxa3 29. Rd7 Rb5 30. h4 Rxb3 31. h5 Be8 32. Rd8 Kf8 33. Nf5 Nb5 34. Bf1
Rb1 35. Kg2 Nc7 36. Rc8 g6 37. hxg6 hxg6 38. Nd6 Ke7 39. Nxe8 Nxe8 40. Ra8 Ra1
41. f4 Nd6 42. Bd3 Ra3 43. Bb1 Rb3 0-1

[Event "Online Olym Div3 A 2020"]
[Site "chess.com INT"]
[Date "2020.07.08"]
[Round "4.3"]
[Board "6"]
[White "Chua, Jia-Tien"]
[Black "Hoshino, Meilin"]
[Result "1-0"]
[WhiteTitle "WCM"]
[BlackTitle "WCM"]
[WhiteElo "1822"]
[BlackElo "1591"]
[WhiteTeam "Malaysia"]
[BlackTeam "Japan"]
[WhiteFideId "5710006"]
[BlackFideId "7001690"]
[EventDate "2020.07.07"]
[EventType "team"]

1. e4 c5 2. Nc3 g6 3. g3 Bg7 4. Bg2 Nc6 5. d3 e6 6. Be3 d6 7. Qd2 Nge7 8. Bh6
O-O 9. Bxg7 Kxg7 10. Nge2 Rb8 11. O-O b6 12. d4 d5 13. exd5 cxd4 14. dxc6 e5 15.
Nb5 Nd5 16. Nexd4 exd4 17. Qxd4+ Nf6 18. Qxd8 Rxd8 19. c7 Ba6 20. cxb8=Q Rxb8
21. c4 Nd7 22. Rfe1 Nc5 23. Re7 Bxb5 24. cxb5 a6 25. bxa6 Nxa6 26. Rd1 Nc5 27.
b4 Ne6 28. Rdd7 Rf8 29. Rxe6 Kg8 30. Rxb6 1-0

[Event "Online Olym Div3 A 2020"]
[Site "chess.com INT"]
[Date "2020.07.08"]
[Round "4.4"]
[Board "1"]
[White "Tin, Jingyao"]
[Black "Deng, Yu Dong Michael"]
[Result "1-0"]
[WhiteTitle "IM"]
[BlackTitle "CM"]
[WhiteElo "2464"]
[BlackElo "2138"]
[WhiteTeam "Singapore"]
[BlackTeam "Hong Kong"]
[WhiteFideId "5804418"]
[BlackFideId "6002420"]
[EventDate "2020.07.07"]
[EventType "team"]

1. d4 d5 2. c4 e6 3. Nf3 Nf6 4. Nc3 Be7 5. Bf4 O-O 6. c5 b6 7. b4 Bb7 8. e3 Nh5
9. Bd3 Nxf4 10. exf4 Nd7 11. O-O a5 12. a3 Bf6 13. Qc2 h6 14. Rfe1 bxc5 15. bxc5
Ba6 16. Bxa6 Rxa6 17. Rab1 Ra8 18. g3 Qc8 19. Qd3 c6 20. Na4 Qc7 21. Nb6 Nxb6
22. Rxb6 Rfb8 23. Reb1 Bd8 24. Ne5 Rxb6 25. Rxb6 Qe7 26. Nxc6 Qd7 27. Nxd8 Qxd8
28. Rb7 Rb8 29. Qb5 Rxb7 30. Qxb7 Qf6 31. c6 Qxd4 32. c7 1-0

[Event "Online Olym Div3 A 2020"]
[Site "chess.com INT"]
[Date "2020.07.08"]
[Round "4.4"]
[Board "2"]
[White "Lau, Lut Yin Luke"]
[Black "Liu, Xiangyi"]
[Result "0-1"]
[BlackTitle "IM"]
[WhiteElo "1991"]
[BlackElo "2377"]
[WhiteTeam "Hong Kong"]
[BlackTeam "Singapore"]
[WhiteFideId "6002226"]
[BlackFideId "8605718"]
[EventDate "2020.07.07"]
[EventType "team"]

1. e4 e6 2. d3 d5 3. Nd2 Nf6 4. Ngf3 Bc5 5. d4 Bb6 6. Bd3 c5 7. dxc5 Bxc5 8. Qe2
Nc6 9. a3 O-O 10. O-O h6 11. h3 Bb6 12. b4 Nh5 13. Qd1 Qf6 14. Rb1 Nf4 15. Nb3
Rd8 16. Bxf4 dxe4 17. Qc1 exf3 18. g4 Qh4 19. Kh2 e5 20. Bg3 Qf6 21. Re1 Be6 22.
Be4 Bd5 23. c4 Bxe4 24. Rxe4 Rd3 25. c5 Bc7 26. b5 Ne7 27. Re3 Rad8 28. Rxd3
Rxd3 29. Qc2 Qg6 30. Re1 Nd5 31. Bxe5 Ne3 32. Rxe3 Rxe3 33. Qxg6 Bxe5+ 0-1

[Event "Online Olym Div3 A 2020"]
[Site "chess.com INT"]
[Date "2020.07.08"]
[Round "4.4"]
[Board "3"]
[White "Gong, Qianyun"]
[Black "Lin, Ze Jun"]
[Result "1-0"]
[WhiteTitle "WGM"]
[WhiteElo "2333"]
[BlackElo "1512"]
[WhiteTeam "Singapore"]
[BlackTeam "Hong Kong"]
[WhiteFideId "8602425"]
[BlackFideId "6005861"]
[EventDate "2020.07.07"]
[EventType "team"]

1. e4 c5 2. Nf3 Nc6 3. d4 cxd4 4. Nxd4 Qc7 5. Nc3 e6 6. g3 a6 7. Bg2 Nf6 8. O-O
Be7 9. Bf4 e5 10. Nf5 exf4 11. Nd5 Nxd5 12. exd5 Qe5 13. Nxe7 Nxe7 14. d6 Kf8
15. Re1 Qf6 16. Rxe7 fxg3 17. fxg3 g6 18. Qd5 Qf5 19. Qd4 f6 20. Rf1 Qxc2 21.
Qxf6+ 1-0

[Event "Online Olym Div3 A 2020"]
[Site "chess.com INT"]
[Date "2020.07.08"]
[Round "4.4"]
[Board "5"]
[White "Advait, Bagri"]
[Black "Kwong, Wing Ki"]
[Result "1-0"]
[WhiteTitle "CM"]
[WhiteElo "2242"]
[BlackElo "1876"]
[WhiteTeam "Singapore"]
[BlackTeam "Hong Kong"]
[WhiteFideId "5820391"]
[BlackFideId "6002013"]
[EventDate "2020.07.07"]
[EventType "team"]

1. e4 c5 2. Nf3 d6 3. d4 cxd4 4. Qxd4 Nc6 5. Bb5 Bd7 6. Qd3 a6 7. Bxc6 Bxc6 8.
c4 Nf6 9. Nc3 g6 10. O-O Bg7 11. h3 O-O 12. Be3 b5 13. cxb5 axb5 14. Nd4 Qd7 15.
Nxc6 Qxc6 16. Rfc1 Qb7 17. Qxb5 Qxb5 18. Nxb5 Nxe4 19. Bd4 e5 20. Be3 d5 21. Nc7
Rad8 22. f3 Ng3 23. Kf2 Nf5 24. Bc5 Bh6 25. Rd1 d4 26. Bxf8 Kxf8 27. Nb5 d3 28.
Nc3 Be3+ 29. Ke1 Ng3 30. Ne4 Nxe4 31. fxe4 f5 32. exf5 gxf5 33. a4 e4 34. b4 Ke7
35. Ra2 f4 36. a5 Rg8 37. a6 f3 38. Kf1 fxg2+ 39. Rxg2 Rf8+ 40. Ke1 Bd4 41. Rc1
e3 42. Rc7+ Kd6 43. Rc4 Kd5 44. Rxd4+ Kxd4 45. a7 Kc3 46. b5 d2+ 47. Ke2 Rd8 48.
Rg1 Kc2 49. Rd1 Rf8 50. b6 Rf2+ 51. Kxe3 Kxd1 52. Kxf2 Kc1 53. a8=Q d1=Q 54.
Qa1+ 1-0

[Event "Online Olym Div3 A 2020"]
[Site "chess.com INT"]
[Date "2020.07.08"]
[Round "4.4"]
[Board "6"]
[White "Feng, Eunice"]
[Black "Rice, Lauren"]
[Result "0-1"]
[WhiteElo "1528"]
[BlackElo "1514"]
[WhiteTeam "Hong Kong"]
[BlackTeam "Singapore"]
[WhiteFideId "331059520"]
[BlackFideId "5824591"]
[EventDate "2020.07.07"]
[EventType "team"]

1. e4 c5 2. Nf3 Nc6 3. d4 cxd4 4. Nxd4 g6 5. Nc3 Bg7 6. Be3 Nf6 7. Bc4 Qa5 8.
O-O O-O 9. Nb3 Qd8 10. f4 d6 11. Be2 Ne8 12. Qd2 f5 13. exf5 Bxf5 14. Bf3 Nf6
15. Nd4 Nxd4 16. Bxd4 Qd7 17. Nd5 Nxd5 18. Bxd5+ e6 19. Bb3 a5 20. Bxg7 Kxg7 21.
a4 Qc6 22. Qd4+ Kg8 23. Rfe1 Rae8 24. Rad1 d5 25. c3 Be4 26. g3 Rd8 27. Rd2 Rfe8
28. Bc2 Bxc2 29. Rxc2 Re7 30. Rce2 Rde8 31. Re5 b5 32. axb5 Qxb5 33. R1e2 Qb3
34. g4 Qb7 35. f5 exf5 36. Rxe7 Rxe7 37. Rxe7 Qxe7 38. Qxd5+ Kg7 39. Qd4+ Kg8
40. Kf2 Qh4+ 41. Kg2 Qxg4+ 42. Qxg4 fxg4 43. Kg3 h5 44. Kh4 Kf7 45. Kg5 Ke6 46.
b3 Kd5 47. c4+ Kc5 48. Kf4 a4 49. bxa4 Kxc4 50. Kg3 Kb4 51. Kh4 Kxa4 52. Kg3 Kb4
53. Kf4 Kc4 54. Ke4 Kc5 55. Kf4 Kd5 56. Kg5 Ke5 57. Kh4 Kf4 58. h3 g5+ 59. Kxh5
gxh3 0-1

[Event "Online Olym Div3 A 2020"]
[Site "chess.com INT"]
[Date "2020.07.08"]
[Round "4.5"]
[Board "1"]
[White "Jessel, Stephen"]
[Black "Eiti, Bashir"]
[Result "1-0"]
[WhiteTitle "FM"]
[BlackTitle "IM"]
[WhiteElo "2297"]
[BlackElo "2341"]
[WhiteTeam "Ireland"]
[BlackTeam "Syria"]
[WhiteFideId "628859"]
[BlackFideId "7601875"]
[EventDate "2020.07.07"]
[EventType "team"]

1. Nf3 Nf6 2. c4 e6 3. g3 d5 4. Bg2 c5 5. e3 dxc4 6. Na3 Nc6 7. Nxc4 Be7 8. O-O
O-O 9. b3 Qc7 10. Bb2 Rd8 11. Qe2 b6 12. d4 Bb7 13. dxc5 Bxc5 14. a3 a5 15. Qc2
h6 16. Rfc1 Qe7 17. Bxf6 Qxf6 18. Nfe5 Nxe5 19. Bxb7 Rab8 20. Be4 Nf3+ 21. Kg2
Ng5 22. Ra2 Rbc8 23. h4 Nxe4 24. Qxe4 Qe7 25. Rac2 Ra8 26. Ne5 Re8 27. Nc6 Qb7
28. b4 Bf8 29. Qf3 axb4 30. axb4 Qa6 31. Ne5 Ra7 32. Rc7 f6 33. b5 Qa2 34. Rxa7
Qxa7 35. Qh5 Ra8 36. Nc6 Qa4 37. Rd1 Qxb5 38. Qxb5 Bc5 39. Rd7 Kh8 40. Nd4 e5
41. Ne6 Rg8 42. Nxc5 bxc5 43. Qxc5 Kh7 44. h5 Kh8 45. Qd5 Kh7 46. Rd8 Rxd8 47.
Qxd8 f5 48. Qe8 f4 49. Qg6+ Kh8 50. gxf4 exf4 51. exf4 Kg8 52. f5 Kh8 53. Kg3
Kg8 54. f6 Kh8 55. Qxg7# 1-0

[Event "Online Olym Div3 A 2020"]
[Site "chess.com INT"]
[Date "2020.07.08"]
[Round "4.5"]
[Board "2"]
[White "Hilwani, Talal"]
[Black "Carroll, Peter"]
[Result "1-0"]
[BlackTitle "CM"]
[WhiteElo "2274"]
[BlackElo "2009"]
[WhiteTeam "Syria"]
[BlackTeam "Ireland"]
[WhiteFideId "7600410"]
[BlackFideId "2510243"]
[EventDate "2020.07.07"]
[EventType "team"]

1. Nf3 Nf6 2. c4 c5 3. Nc3 Nc6 4. g3 d5 5. cxd5 Nxd5 6. d4 cxd4 7. Nxd4 Nxd4 8.
Qxd4 Nxc3 9. Qxc3 Bd7 10. Bg2 Qb6 11. Be3 Qa6 12. O-O Rc8 13. Qd4 e6 14. Rfd1
Qa4 15. Bxb7 Qxd4 16. Bxd4 Rc7 17. Bf3 f6 18. Rac1 Rxc1 19. Rxc1 a5 20. Rc7 Bd6
21. Ra7 a4 22. Ra8+ 1-0

[Event "Online Olym Div3 A 2020"]
[Site "chess.com INT"]
[Date "2020.07.08"]
[Round "4.5"]
[Board "3"]
[White "Kanyamarala, Trisha"]
[Black "Mahmoud, Roula"]
[Result "1-0"]
[WhiteTitle "WIM"]
[BlackTitle "WFM"]
[WhiteElo "2193"]
[BlackElo "1771"]
[WhiteTeam "Ireland"]
[BlackTeam "Syria"]
[WhiteFideId "45004722"]
[BlackFideId "7601263"]
[EventDate "2020.07.07"]
[EventType "team"]

1. c4 Nf6 2. Nc3 g6 3. g3 Bg7 4. Bg2 d6 5. Nf3 c6 6. O-O Nbd7 7. b3 O-O 8. Bb2
Qc7 9. d4 e5 10. e4 exd4 11. Nxd4 Nc5 12. h3 Re8 13. Re1 d5 14. cxd5 cxd5 15.
Nxd5 Nxd5 16. exd5 Rxe1+ 17. Qxe1 Bd7 18. Rc1 Qb6 19. Qd2 Re8 20. Rd1 Qa6 21.
Ba1 Ne4 22. Qc2 Nd6 23. a4 Qb6 24. Bb2 Rc8 25. Qd2 Re8 26. a5 Qa6 27. Bf1 Bb5
28. Nxb5 Nxb5 29. Bxg7 Kxg7 30. Qb4 Qf6 31. Qxb5 Rd8 32. Qc4 Qf3 33. Qd3 Qf6 34.
Qd4 Qxd4 35. Rxd4 Kf6 36. f4 Kf5 37. Bd3+ Kf6 38. d6 Ke6 39. Bc4+ Kd7 40. Bxf7
Rc8 41. Bc4 Re8 42. Bb5+ 1-0

[Event "Online Olym Div3 A 2020"]
[Site "chess.com INT"]
[Date "2020.07.08"]
[Round "4.5"]
[Board "4"]
[White "Yazji, Mada"]
[Black "Putar, Lara"]
[Result "1/2-1/2"]
[WhiteElo "1704"]
[BlackElo "1834"]
[WhiteTeam "Syria"]
[BlackTeam "Ireland"]
[WhiteFideId "7602065"]
[BlackFideId "14546604"]
[EventDate "2020.07.07"]
[EventType "team"]

1. e4 e6 2. d4 d5 3. Nc3 Bb4 4. a3 Bxc3+ 5. bxc3 dxe4 6. Qg4 Nf6 7. Qxg7 Rg8 8.
Qh6 Rg6 9. Qe3 Nd5 10. Qxe4 Nxc3 11. Qd3 Nd5 12. Nf3 Nc6 13. h4 e5 14. dxe5 Re6
15. Bb2 Nf4 16. Qxd8+ Nxd8 17. O-O-O Bd7 18. Bc4 Rc6 19. Bb5 Rxc2+ 20. Kxc2 Bxb5
21. Rd4 Nde6 22. Rd2 c5 23. Ng5 Bc6 24. f3 Ke7 25. Nxh7 Nxg2 26. Rxg2 Bxf3 27.
Rgh2 Be4+ 28. Kc1 Bxh7 29. Rf1 Bd3 30. Rf3 Be4 31. Rf1 Rd8 32. Rhf2 Bg6 33. Rh1
Rh8 34. Bc3 Rh5 35. Kd2 c4 36. Bb4+ Kd7 37. Bc3 Nc5 38. Ke3 Nd3 39. Rd2 Ke6 40.
Rhh2 Nxe5 41. Bxe5 Rxe5+ 42. Kd4 Re4+ 43. Kc3 b5 44. h5 Bh7 45. Rhe2 f5 46.
Rxe4+ fxe4 47. Re2 Kf5 48. Kb4 Kg5 49. Kxb5 c3 50. Kb4 c2 51. Rxc2 e3 52. Re2
Kf4 53. Ka5 Kf3 54. Re1 Kf2 55. Ra1 e2 56. Ka6 Bc2 57. Rh1 e1=Q 58. Rxe1 Kxe1
59. Kxa7 Kf2 60. Kb6 Kf3 61. h6 Kf4 62. Kc5 Kg5 63. h7 Bxh7 64. a4 Bd3 65. a5
Kf5 66. Kb6 Ke5 67. a6 Bxa6 1/2-1/2

[Event "Online Olym Div3 A 2020"]
[Site "chess.com INT"]
[Date "2020.07.08"]
[Round "4.5"]
[Board "5"]
[White "Kanyamarala, Tarun"]
[Black "Koniahli, Malek."]
[Result "1-0"]
[WhiteTitle "FM"]
[BlackTitle "FM"]
[WhiteElo "2381"]
[BlackElo "2261"]
[WhiteTeam "Ireland"]
[BlackTeam "Syria"]
[WhiteFideId "45004714"]
[BlackFideId "7603495"]
[EventDate "2020.07.07"]
[EventType "team"]

1. d4 Nf6 2. Nf3 e6 3. Bg5 d5 4. Nbd2 Be7 5. e3 h6 6. Bh4 Nbd7 7. Bd3 c5 8. c3
b6 9. Qe2 Bb7 10. a4 a6 11. O-O O-O 12. a5 b5 13. dxc5 Nxc5 14. Bc2 Nfe4 15.
Bxe7 Qxe7 16. Nxe4 dxe4 17. Nd2 Rfd8 18. Rfd1 f5 19. b4 Nd3 20. Nb3 Ne5 21. Nc5
Bd5 22. Qh5 Qf6 23. Rac1 Kh7 24. Bb1 g6 25. Qh3 Bc4 26. Qg3 Be2 27. Rd4 h5 28.
h4 Kh8 29. Nb7 Rxd4 30. cxd4 Nc4 31. Nc5 Kh7 32. Re1 Bd3 33. Bxd3 exd3 34. Nxd3
Qf7 35. Rc1 Qe7 36. Ne5 Nxe5 37. Qxe5 Rd8 38. Rc7 Rd7 39. Rc8 Rd8 40. Qc7 Rd7
41. Qb8 Qg7 42. Re8 Re7 43. Rc8 Rd7 44. Rc6 Qe7 45. Qe5 Qxb4 46. Qxe6 Rg7 47. g3
Qxa5 48. Rxa6 Qe1+ 49. Kg2 b4 50. Rb6 Qc3 51. Qc6 Qxc6+ 52. Rxc6 Rb7 53. Rc2 b3
54. Rb2 Kg7 55. Kf3 Kf6 56. Ke2 Ke6 57. Kd3 Kd5 58. Kc3 Ke4 59. Rxb3 Rc7+ 60.
Kd2 Kf3 61. Rb6 Rg7 62. Ke1 Rg8 63. Re6 Rg7 64. e4 fxe4 65. Rf6+ Kg2 66. Ke2 g5
67. hxg5 Rxg5 68. Ke3 Ra5 69. Kxe4 Ra8 70. d5 Ra1 71. d6 Re1+ 72. Kd5 Rd1+ 73.
Kc6 Rc1+ 74. Kd7 Rd1 75. Ke7 Re1+ 76. Kd8 Rd1 77. d7 Rd2 78. Rf7 1-0

[Event "Online Olym Div3 A 2020"]
[Site "chess.com INT"]
[Date "2020.07.08"]
[Round "5.1"]
[Board "1"]
[White "Eiti, Bashir"]
[Black "Villegas, Pierre"]
[Result "1/2-1/2"]
[WhiteTitle "IM"]
[BlackTitle "IM"]
[WhiteElo "2341"]
[BlackElo "2364"]
[WhiteTeam "Syria"]
[BlackTeam "Monaco"]
[WhiteFideId "7601875"]
[BlackFideId "654183"]
[EventDate "2020.07.07"]
[EventType "team"]

1. d4 d5 2. c4 e6 3. cxd5 exd5 4. Nc3 c6 5. Nf3 Nf6 6. Bg5 Be7 7. Qc2 g6 8. Ne5
Bf5 9. Qd2 Nbd7 10. Nxd7 Qxd7 11. f3 O-O-O 12. g4 Be6 13. Rc1 Ne8 14. Bxe7 Qxe7
15. Na4 Qh4+ 16. Kd1 Nd6 17. Qb4 Qe7 18. e3 Qc7 19. Nc5 h5 20. Qa4 Kb8 21. gxh5
Rxh5 22. Rc3 Nc8 23. Ba6 Nb6 24. Qb4 Bc8 25. Be2 Rxh2 26. Rxh2 Qxh2 27. a4 Rh8
28. a5 Nc4 29. Bxc4 dxc4 30. Rxc4 Qg2 31. Na6+ Ka8 32. Nc7+ Kb8 33. Na6+ Ka8 34.
Nc7+ Kb8 35. Na6+ 1/2-1/2

[Event "Online Olym Div3 A 2020"]
[Site "chess.com INT"]
[Date "2020.07.08"]
[Round "5.1"]
[Board "2"]
[White "Efimov, Igor"]
[Black "Hilwani, Talal"]
[Result "1-0"]
[WhiteTitle "GM"]
[WhiteElo "2409"]
[BlackElo "2274"]
[WhiteTeam "Monaco"]
[BlackTeam "Syria"]
[WhiteFideId "806404"]
[BlackFideId "7600410"]
[EventDate "2020.07.07"]
[EventType "team"]

1. d4 Nf6 2. Nf3 d5 3. c4 c6 4. Qc2 g6 5. Bf4 Bg7 6. e3 Bf5 7. Qb3 Qb6 8. Nc3
Nbd7 9. h3 dxc4 10. Bxc4 Qxb3 11. Bxb3 Bd3 12. O-O-O Ba6 13. e4 Nb6 14. Ne5 O-O
15. Be3 Rad8 16. g4 Nfd7 17. f4 Nxe5 18. dxe5 g5 19. e6 Nc4 20. exf7+ Kh8 21.
Rxd8 Rxd8 22. Bc5 Bf8 23. Rd1 Rxd1+ 24. Nxd1 Kg7 25. fxg5 b6 26. Ne3 bxc5 27.
Bxc4 Bc8 28. Nf5+ Kg6 29. h4 e6 30. Nh6 Kg7 31. e5 Kg6 32. Kd2 Bxh6 33. gxh6
Kxf7 34. Bd3 Kg8 35. g5 Bd7 36. h5 Be8 37. g6 c4 38. Be4 c5 39. Kc3 Bb5 40. Bc2
Kh8 41. a4 Ba6 42. Be4 Kg8 43. Kd2 Bc8 44. Ke3 Bd7 45. a5 Ba4 46. Kf4 Bd1 47.
Kg5 Be2 48. Bc6 c3 49. bxc3 Kh8 50. Be8 1-0

[Event "Online Olym Div3 A 2020"]
[Site "chess.com INT"]
[Date "2020.07.08"]
[Round "5.1"]
[Board "3"]
[White "Mahmoud, Roula"]
[Black "Dornbusch, Tatiana"]
[Result "0-1"]
[WhiteTitle "WFM"]
[BlackTitle "WGM"]
[WhiteElo "1771"]
[BlackElo "2268"]
[WhiteTeam "Syria"]
[BlackTeam "Monaco"]
[WhiteFideId "7601263"]
[BlackFideId "14107449"]
[EventDate "2020.07.07"]
[EventType "team"]

1. e4 Nf6 2. d3 e5 3. Nf3 Nc6 4. g3 Bc5 5. Bg2 O-O 6. O-O d5 7. exd5 Nxd5 8. c3
Kh8 9. Nbd2 f6 10. Ne4 Be7 11. Nh4 Be6 12. f4 exf4 13. gxf4 f5 14. Ng5 Bxg5 15.
fxg5 f4 16. Qh5 Nce7 17. Be4 Bg8 18. c4 Ne3 19. Bxe3 fxe3 20. Bxh7 Rxf1+ 21.
Rxf1 Bxh7 22. g6 Nxg6 23. Nxg6+ Kg8 24. Rf8+ Qxf8 25. Nxf8 Rxf8 26. Qd5+ Kh8 27.
Qe5 Bxd3 28. Qxe3 Bxc4 29. b3 Bd5 30. Qxa7 Rf7 31. Qd4 c6 32. Qh4+ Kg8 33. h3
Rf6 34. Qg4 Kh7 35. Qh5+ Kg8 36. h4 Rf7 37. Qg5 Rf6 38. h5 Kh7 39. Qg4 Kh6 40.
Kh2 Rf2+ 41. Kg3 Rg2+ 42. Kh4 Rxg4+ 43. Kxg4 Be6+ 44. Kh4 Bf5 45. b4 b5 46. a3
Be6 47. Kg3 Kxh5 48. Kf4 g5+ 49. Kg3 Bd5 50. Kh3 g4+ 51. Kg3 Kg5 52. Kf2 Kf4 53.
Kg1 g3 54. Kf1 Kg4 55. Kg1 Kh3 56. Kf1 Kh2 57. Ke2 g2 58. Kd3 g1=Q 59. Kc3 Qa1+
60. Kd3 Kg3 61. Ke3 Qe1+ 62. Kd3 Kf3 63. Kc2 Ke3 64. a4 bxa4 65. Kb2 Kd3 66. b5
Qc3+ 67. Kb1 a3 0-1

[Event "Online Olym Div3 A 2020"]
[Site "chess.com INT"]
[Date "2020.07.08"]
[Round "5.1"]
[Board "4"]
[White "Dubois, Martine"]
[Black "Yazji, Mada"]
[Result "1-0"]
[WhiteTitle "WIM"]
[WhiteElo "1802"]
[BlackElo "1704"]
[WhiteTeam "Monaco"]
[BlackTeam "Syria"]
[WhiteFideId "601926"]
[BlackFideId "7602065"]
[EventDate "2020.07.07"]
[EventType "team"]

1. e4 c5 2. Nf3 Nc6 3. c3 d5 4. exd5 Qxd5 5. d4 e6 6. Be2 Nf6 7. O-O Be7 8. Be3
cxd4 9. cxd4 O-O 10. Nc3 Qa5 11. Bd3 Nb4 12. Bb1 Nbd5 13. Bd2 Qd8 14. Qc2 g6 15.
Bh6 Re8 16. Rd1 Nb4 17. Qb3 Nfd5 18. Ne4 Bd7 19. a3 Nc6 20. Nc5 Nxd4 21. Rxd4
Bxc5 22. Rh4 Qb6 23. Qxb6 Bxb6 24. Be4 Bd8 25. Bg5 Bxg5 26. Nxg5 h5 27. g4 Nf6
28. gxh5 Nxh5 29. Bxb7 Rab8 30. Rb4 a5 31. Rb3 Ba4 32. Rb6 Re7 33. b3 Be8 34.
Rc1 Rexb7 35. Rxb7 Rxb7 36. Rc8 Kf8 37. Ne4 Ke7 38. Rxe8+ Kxe8 39. Nd6+ Kd7 40.
Nxb7 Nf4 41. Nxa5 Nd3 42. Kf1 Kc7 43. Ke2 Nc5 44. Ke3 Kb6 45. b4 Nd7 46. Nc4+
Kc6 47. Kd4 f6 48. a4 e5+ 49. Ke3 Kd5 50. Nb2 Nb8 51. f3 Nc6 52. b5 Nb8 53. Kd3
Kc5 54. Kc3 Nd7 55. Nd3+ Kb6 56. Kb4 f5 57. a5+ Kb7 58. Nc5+ Nxc5 59. Kxc5 Kc7
60. Kd5 1-0

[Event "Online Olym Div3 A 2020"]
[Site "chess.com INT"]
[Date "2020.07.08"]
[Round "5.1"]
[Board "5"]
[White "Koniahli, Malek."]
[Black "Cuttoli, Alexandre"]
[Result "1-0"]
[WhiteTitle "FM"]
[WhiteElo "2261"]
[BlackElo "2044"]
[WhiteTeam "Syria"]
[BlackTeam "Monaco"]
[WhiteFideId "7603495"]
[BlackFideId "36007293"]
[EventDate "2020.07.07"]
[EventType "team"]

1. d4 Nf6 2. Nf3 g6 3. Bf4 Bg7 4. e3 d6 5. h3 O-O 6. Nbd2 b6 7. Bd3 Bb7 8. O-O
c5 9. c3 Nbd7 10. Qe2 Re8 11. Bh2 Rc8 12. Ba6 Ba8 13. Bxc8 Qxc8 14. Rac1 Bb7 15.
Rfd1 Ba6 16. Qe1 Qa8 17. e4 e5 18. dxe5 dxe5 19. Qe3 Qc6 20. Ne1 h5 21. Bg3 Kh7
22. Bh4 Nf8 23. Nef3 N6d7 24. Nf1 f6 25. g4 g5 26. Bg3 h4 27. Bh2 Ne6 28. Ne1
Bf8 29. Qf3 Bb7 30. Ne3 c4 31. b4 Kg7 32. Nd5 a5 33. a3 Qa4 34. Nc2 axb4 35.
axb4 Qc6 36. Nce3 b5 37. Nf5+ Kg6 38. Ra1 Nf4 39. Ra7 Kf7 40. Bxf4 exf4 41. Qe2
Ne5 42. f3 Kg6 43. Kg2 Nd3 44. Rxd3 cxd3 45. Qxd3 Kf7 46. Nd4 Qd7 47. Qxb5 Qxb5
48. Nxb5 Rb8 49. c4 Ke6 50. Nbc3 Bxd5 51. exd5+ Ke5 52. b5 Kd4 53. Ne4 Kxc4 54.
d6 Kxb5 55. Rf7 Rd8 56. Rxf6 Kc6 57. Rg6 Ra8 58. Rxg5 Ra2+ 59. Kf1 Ra1+ 60. Ke2
Bxd6 61. Rg6 Ra2+ 62. Kd3 Ra3+ 63. Kd4 Ra4+ 64. Kd3 Ra3+ 65. Kc2 Rxf3 66. Rxd6+
Kc7 67. Rd3 Rf1 68. Ng5 Kc6 69. Rf3 Ra1 70. Rxf4 Ra2+ 71. Kd3 Ra3+ 72. Ke4 Ra4+
73. Kf5 Ra5+ 74. Kg6 Kd7 75. Ne4 Ke8 76. g5 Re5 77. Nf6+ Ke7 78. Re4 Rxe4 79.
Nxe4 Kf8 80. Kf6 1-0

[Event "Online Olym Div3 A 2020"]
[Site "chess.com INT"]
[Date "2020.07.08"]
[Round "5.2"]
[Board "1"]
[White "Deng, Yu Dong Michael"]
[Black "Delaney, Killian"]
[Result "0-1"]
[WhiteTitle "CM"]
[BlackTitle "FM"]
[WhiteElo "2138"]
[BlackElo "2314"]
[WhiteTeam "Hong Kong"]
[BlackTeam "Ireland"]
[WhiteFideId "6002420"]
[BlackFideId "2501570"]
[EventDate "2020.07.07"]
[EventType "team"]

1. d4 d5 2. c4 Nc6 3. cxd5 Qxd5 4. e3 e5 5. Nf3 exd4 6. exd4 Bg4 7. Be2 Bb4+ 8.
Nc3 Bxf3 9. Bxf3 Qc4 10. Bxc6+ bxc6 11. Qe2+ Qxe2+ 12. Kxe2 Ne7 13. Be3 O-O-O
14. a3 Ba5 15. Rhd1 Rhe8 16. g4 Rd7 17. Kf3 f5 18. g5 Ng6 19. Ne2 Bb6 20. Rac1
Kb7 21. Rc4 Ne5+ 22. dxe5 Rxd1 23. Bxb6 axb6 0-1

[Event "Online Olym Div3 A 2020"]
[Site "chess.com INT"]
[Date "2020.07.08"]
[Round "5.2"]
[Board "2"]
[White "Jessel, Stephen"]
[Black "Lau, Lut Yin Luke"]
[Result "1/2-1/2"]
[WhiteTitle "FM"]
[WhiteElo "2297"]
[BlackElo "1991"]
[WhiteTeam "Ireland"]
[BlackTeam "Hong Kong"]
[WhiteFideId "628859"]
[BlackFideId "6002226"]
[EventDate "2020.07.07"]
[EventType "team"]

1. Nf3 Nf6 2. c4 c5 3. g3 b6 4. Bg2 Bb7 5. O-O e6 6. b3 Be7 7. Bb2 O-O 8. Nc3
Qc8 9. Rc1 Nc6 10. d4 cxd4 11. Nxd4 Nxd4 12. Qxd4 Bxg2 13. Kxg2 Rd8 14. e4 Qb7
15. Rfd1 Rac8 16. f3 a6 17. Qd3 d6 18. Qe2 Nd7 19. Rc2 Nc5 20. Rcd2 Qc6 21. h4
Rb8 22. Rc1 Qb7 23. Ba3 Bf6 24. Bb4 Be5 25. Qe3 Qc6 26. Rcc2 h6 27. Kh3 Bf6 28.
Ba3 Qc7 29. Bb2 Qe7 30. Qe2 Qe8 31. Qd1 Be7 32. Qf1 Bf8 33. Ba3 Qc6 34. Kh2 Qb7
35. Qd1 Rdc8 36. Bb4 Qc7 37. Kg2 Qb7 38. Kh3 Qc7 39. Ne2 Rd8 40. Nf4 Qc8 41. Kh2
Qc7 42. Ba3 Be7 43. Bb2 Bf8 44. Ba1 Qe7 45. Nh5 e5 46. g4 Qxh4+ 47. Kg2 Ne6 48.
Qh1 Qg5 49. Bb2 g6 50. Ng3 Bg7 51. Bc1 Nf4+ 52. Kf1 Qf6 53. Rd1 Rbc8 54. a4 b5
55. axb5 axb5 56. Ne2 Ne6 57. Kg2 bxc4 58. bxc4 Kh7 59. Qf1 Rc6 60. Be3 Rdc8 61.
Rdc1 Qe7 62. Kg1 Nd4 63. Bxd4 exd4 64. Nf4 Qe5 65. Nd5 Rc5 66. Kg2 Kg8 67. Qd3
Qg5 68. Rh1 Re8 69. Ra2 Qd8 70. Rb1 Qh4 71. Rh1 Qd8 72. Kg3 Qc8 73. Rc2 Qb7 74.
Ra2 Qc8 75. Rc1 Qe6 76. Rh1 Qe5+ 77. Kg2 Qg5 78. Kh3 h5 79. Rg2 hxg4+ 80. Rxg4
Qh5+ 81. Kg2 Qe5 82. Re1 Rec8 83. f4 Qh5 84. Rg3 Rxc4 85. Ne7+ Kf8 86. Nxc8 Rxc8
87. Rh1 Qa5 88. Rf1 Rc3 89. Qd1 Qb4 90. Rf2 Qc4 91. Rd2 Rc1 92. Qe2 Ke7 93. Ra3
Qxe2+ 94. Rxe2 Rc7 95. Kf3 Kd7 96. Kg4 Rc3 97. Ra7+ Rc7 98. Rxc7+ Kxc7 99. Kf3
Kd7 100. Ra2 Ke6 101. Ra6 Bh6 102. e5 Bf8 103. Ke4 d3 104. Kxd3 g5 105. exd6
gxf4 106. Ke4 Bxd6 107. Ra8 f5+ 108. Kf3 Be5 109. Ra6+ Bd6 1/2-1/2